ICERI 2020 : 13th International conference of education, research and innovation. Conference proceedings 9-10. November 2020 (online) /
Salvato in:
| Ente Autore: | |
|---|---|
| Altri autori: | , , |
| Natura: | Atti del Convegno Libro |
| Lingua: | inglese |
| Pubblicazione: |
Seville :
IATED Academy,
2020
|
| Edizione: | 1. vyd. |
| Tags: |
Nessun Tag, puoi essere il primo ad aggiungerne!!
|
MARC
| LEADER | 00000nam a22000003a 4500 | ||
|---|---|---|---|
| 001 | 0084876 | ||
| 003 | SK-STU | ||
| 005 | 20201203102750.3 | ||
| 007 | ta | ||
| 008 | 201202s ----xo-----e------100-0-----d | ||
| 020 | |a 978-84-09-24232-0 | ||
| 022 | |a 2340-1095 | ||
| 040 | |a STU |b slo | ||
| 041 | 0 | |a eng | |
| 044 | |a sp | ||
| 111 | 2 | |a International conference of education, research and innovation. |n 13th |d 9. - 10. 11.2020 : |c online | |
| 245 | 1 | 0 | |a ICERI 2020 : 13th International conference of education, research and innovation. Conference proceedings |b 9-10. November 2020 (online) / |c zost. L Gómez Chova, A. López Martínez, I Candel Torres |
| 250 | |a 1. vyd. | ||
| 260 | |a Seville : |b IATED Academy, |c 2020 | ||
| 300 | |a USB | ||
| 700 | 1 | |a Gómez Chova, L. |4 com | |
| 700 | 1 | |a Martínez, A. López |4 com | |
| 700 | 1 | |a Candel Torres, I. |4 com | |
| 996 | |b 284M088514 |c M* CD-2775 |l MMKN |s A |a 24 |w 0084876_0001 | ||